Métodos modernos de análisis de alimentos / (Record no. 96297)

MARC details
000 -LEADER
campo de control de longitud fija 00888nam a2200205 i 4500
001 - NÚMERO DE CONTROL
campo de control 96297
003 - IDENTIFICADOR DE NÚMERO DE CONTROL
campo de control ES-MaACL
005 - FECHA Y HORA DE LA ÚLTIMA TRANSACCIÓN
campo de control 20230906181902.0
007 - CAMPO FIJO DE DESCRIPCIÓN FÍSICA--INFORMACIÓN GENERAL
campo de control de longitud fija t|
008 - DATOS DE LONGITUD FIJA--INFORMACIÓN GENERAL
campo de control de longitud fija 050615m19681982sp ||||1| spa d
100 1# - ENTRADA PRINCIPAL--NOMBRE DE PERSONA
Nombre de persona Maier, Hans Gerhard.
9 (RLIN) 75557
245 10 - MENCIÓN DEL TÍTULO
Título Métodos modernos de análisis de alimentos /
Mención de responsabilidad, etc. Hans Gerhard Maier; prólogo Willibald Diemair; traducido por Celso Gutiérrez Losa, Mª Angeles Garralda Hualde.
260 ## - PUBLICACIÓN, DISTRIBUCIÓN, ETC.
Lugar de publicación, distribución, etc. Zaragoza :
Nombre del editor, distribuidor, etc. Acribia,
Fecha de publicación, distribución, etc. 1968-82.
300 ## - DESCRIPCIÓN FÍSICA
Extensión 3 v. ;
Dimensiones 22 cm.
505 8# - NOTA DE CONTENIDO CON FORMATO
Nota de contenido con formato Contiene: V. I. Técnicas ópticas. VIII, 102 p. V. II. Métodos cromatográficos incluyendo el intercambio iónico. VIII, 116 p. V. III. Métodos electroquímicos y enzimáticos. 165 p.
700 1# - ENTRADA AGREGADA--NOMBRE PERSONAL
Nombre de persona Diemair, Willibald.
9 (RLIN) 44599
700 1# - ENTRADA AGREGADA--NOMBRE PERSONAL
Nombre de persona Gutiérrez Losa, Celso.
9 (RLIN) 61177
700 1# - ENTRADA AGREGADA--NOMBRE PERSONAL
Nombre de persona Garralda Hualde, María Angeles.
9 (RLIN) 55634
852 ## - LOCALIZACIÓN
Ubicación ES-MaACL
Número de control de estantería L-2470-2
Sublocalización o colección R.66453
Holdings
Estatus retirado Estado de pérdida Estado de daño No para préstamo Biblioteca de origen Biblioteca actual Ubicación en estantería Fecha de adquisición Fuente de adquisición Total de préstamos Signatura topográfica completa Código de barras Visto por última vez Precio de reemplazo Tipo de ítem Koha
        Biblioteca del Ateneo de Madrid Biblioteca del Ateneo de Madrid Depósito 2 17/01/2008     L-2470-2 1100540 23/02/2023 23/02/2023 Libro impreso